Historia del Cusco incaico / (Record no. 15853)

000 -CABECERA
fixed length control field 01006nam a22002057a 4500
003 - IDENTIFICADOR DEL NÚMERO DE CONTROL
control field AR-CdUCM
008 - DATOS DE LONGITUD FIJA--INFORMACIÓN GENERAL
fixed length control field 190430b ||||| |||| 00| 0 spa d
040 ## - FUENTE DE LA CATALOGACIÓN
Agencia/entidad que catalogó originalmente la obra MUNICIPALIDAD PROVINCIAL DEL CUSCO
Entidad que transcribió la catalogación BIBLIOTECA MUNICIPAL DEL CUSCO
082 ## - NÚMERO DE LA CLASIFICACIÓN DECIMAL DEWEY
No. de Clasificación 985.61 /
Notacion interna A58
100 ## - ENTRADA PRINCIPAL--NOMBRE DE PERSONA
Nombre Personal Angles Vargas, Víctor
245 ## - MENCIÓN DE TÍTULO
Título Historia del Cusco incaico /
260 ## - PUBLICACIÓN, DISTRIBUCIÓN, ETC.
Lugar de publicación, distribución, etc. Cusco :
Nombre de la editorial, distribuidor, etc. Víctor Angles Vargas,
300 ## - DESCRIPCIÓN FÍSICA
Nº de Páginas Extensión 605 paginas ;
Otros detalles físicos Ilustraciones, fotografías,
Dimensiones 21 cm.
505 ## - NOTA DE CONTENIDO CON FORMATO
Nota de contenido formateada Contenido : t.1: La ciudad y el departamento del Cusco -- El nombre del Cusco -- Poblacion de la ciudad del Cusco -- T.2: Ollantaytambo -- Templo de Wiracocha -- Plano del templo de Wiracocha -- Plano de Pikillajta... -- t.3: El parque arqueológico de Machupijchu --Descubrimiento científico de la cuidad Prehispánica de Machupijchu -- Lo que fue y lo que es Machupijchu ...
650 ## - PUNTO DE ACCESO ADICIONAL DE MATERIA--TÉRMINO DE MATERIA
Descriptor Cusco
9 (RLIN) 772
650 ## - PUNTO DE ACCESO ADICIONAL DE MATERIA--TÉRMINO DE MATERIA
Descriptor Historia
9 (RLIN) 136
650 ## - PUNTO DE ACCESO ADICIONAL DE MATERIA--TÉRMINO DE MATERIA
Descriptor Época prehispánica
9 (RLIN) 2714
942 ## - ELEMENTOS DE PUNTO DE ACCESO ADICIONAL (KOHA)
Fuente de clasificación
Tipo de item Libros-BMC
945 ## - PROCESAMIENTO DE INFORMACIÓN LOCAL (OCLC)
Catalogador rjall
AAAA-MM-DD - Fecha de ingreso o modificacion 2019-04-30
Holdings
Estado de retiro (separado) Fuente de clasificación o esquema de estanterías Estado dañado Ubicación Sala donde se ubica Nombre de la colección Fecha de adquisición o compra Costo, precio normal en soles Signatura topográfica Código de Barras Última vez visto (Koha) Tipo de ítem (Koha) Número de Ejemplar
No     Sala Humanidades Sala Humanidades Book Cart 2019-04-30 50.00 985.61 / AN61 / t.3 / e.2 SH0000011086 2019-04-30 Libros-BMC  
No     Sala Humanidades Sala Humanidades Book Cart 2019-05-02 50.00 985.61 / AN61 / t.3 SH0000011341 2019-05-02 Libros-BMC  
No     Sala Humanidades Sala Humanidades Book Cart 2019-05-02 50.00 985.61 / AN61 / t.3 / e.3 SH0000011342 2019-05-02 Libros-BMC e.2
No     Sala Humanidades Sala Humanidades Book Cart 2019-05-02 50.00 985.61 / AN61 / t.2 / e.3 SH0000011351 2019-05-02 Libros-BMC  
No     Sala Humanidades Sala Humanidades Book Cart 2019-05-06 50.00 985.61 / AN61 / t.2 / e.2 SH0000011949 2019-05-06 Libros-BMC  

Powered by Koha